000 00310nam a22001337a 4500
020 _a817826335-1
082 _a823
_bROH/T
100 _aROHAN BOOK COMPANY
245 _aTHE THREE LITTLE PIGS
260 _aDELHI
_bROHAN BOOK COMPANY
_c2003
300 _a222
650 _aMODERN ILLUSTRATED CLASSICS
942 _cBK
999 _c317
_d317